|
|
|
|
| LEADER |
01315nam a2200289 a 4500 |
| 001 |
GR-MES15266 |
| 008 |
050909s2006 xc b 001 b eng d |
| 020 |
|
|
|a 0471773476
|
| 040 |
|
|
|a GrPaTEI
|b gre
|c GR-PaULI
|
| 044 |
|
|
|a ca
|
| 082 |
|
0 |
|a 658.8
|2 21
|
| 100 |
1 |
|
|a Rubino, Joe
|
| 245 |
1 |
0 |
|a 15 secrets every network marketer must know :
|b Essential elements and skills required to achieve 6- & 7-figure success in network marketing /
|c Joe Rubino, John Terhune.
|
| 246 |
3 |
3 |
|a Fifteen secrets every network marketer must know
|
| 260 |
|
|
|a Hoboken, N.J. :
|b John Wiley & Sons,
|c c2006
|
| 300 |
|
|
|a xxii, 215 σ. ;
|c 23 εκ.
|
| 500 |
|
|
|a Published simultaneously in Canada.
|
| 504 |
|
|
|a Περιλαμβάνει βιβλιογραφικές παραπομπές και ευρετήριο.
|
| 505 |
0 |
|
|a Getting in the right frame of mind
|a Mastering the critical skills-set.
|
| 650 |
|
0 |
|a Multilevel marketing
|
| 650 |
|
0 |
|a Multilevel marketing
|
| 650 |
|
4 |
|a Μάρκετινγκ
|
| 700 |
1 |
|
|a Terhune, John
|
| 942 |
|
|
|2 ddc
|
| 952 |
|
|
|0 0
|1 0
|2 ddc
|4 0
|6 658_800000000000000_RUB
|7 0
|9 273099
|a MSLG
|b MSLG
|c BSC
|d 2021-01-17
|e 24
|f 0
|g 0.00
|l 0
|o 658.8 RUB
|p 2420000024333
|r 2021-01-17 00:00:00
|t 1
|w 2021-01-17
|y BK15
|x 20090917 0 ΤΣΑΝΤΑΡΛΙΩΤΗ 1
|x GrPaTEI
|
| 971 |
|
|
|a .b25813158
|b 15-04-20
|c 13-09-16
|
| 999 |
|
|
|c 158082
|d 158082
|